Estatutos del Sindicato Viti-vinícola de Llansá
Descripción Física:
19 p. ; 15 cm
MARC
| LEADER | 00000nam a2200000Ia 4500 | ||
|---|---|---|---|
| 001 | 17302 | ||
| 008 | 160829s1921 xx 000 0 cat d | ||
| 080 | |a R-305, exp. 48, XIV | ||
| 100 | |a Sindicato Viti-vinícola de Llansá |9 36738 | ||
| 245 | |a Estatutos del Sindicato Viti-vinícola de Llansá | ||
| 260 | |a Figueras : |b Imp. Juan Vila, |c 1921 | ||
| 300 | |a 19 p. ; |c 15 cm | ||
| 650 | |a Sindicato Viti-vinícola de Llansà |x Reglaments i procediment |9 36739 | ||
| 650 | |9 2809 | ||
| 901 | |a Arxiu | ||
| 942 | |n 1 | ||
| 952 | |0 0 |1 0 |4 0 |6 R305_EXP_48_XIV |7 1 |9 47470 |a Arxiu |b Arxiu |d 2016-12-01 |l 0 |o R-305, exp. 48, XIV |p 17302 |r 2016-12-01 00:00:00 |w 2016-12-01 |y ARXIU | ||
| 999 | |c 51268 |d 51268 | ||